00851nam a2200193 a 450000100100000000500170001000800410002704000250006810000300009324500770012326000480020030000200024850400270026804900090029595201200030495201050042495201110052999900170064000002789020200930031158.0110405s1970 dr 000 0 spa d aDO-SdBNPbspacBNPHU aFranco, Pericle A.95496010aHostos y su ideal de una confederación antillana /cPericle A. Franco. aSanto Domingo :bEditora del Caribe,c1970. a31 P. ;c23 cm. aBibliografía : p. 30 aBNPD 001154708DSaGRbGRcMId2011-05-11iLF1l0o p27890-30r2020-06-25te. 3w2020-06-25yLFDSZPréstamo en sala 0010718PDaPDbPDcCTd2011-04-05iLF1l0o p27890-10r2020-06-25w2020-06-25yLFPDZNo se presta 0010718PDaPDbPDcCTd2011-05-11iLF1l0o p27890-20r2020-06-25te. 2w2020-06-25yLFPDZNo se presta c27382d27382